Normal view
MARC view
Entry Personal Name
001 - CONTROL NUMBER
- control field: 24241
003 - CONTROL NUMBER IDENTIFIER
- control field: ARRUPE
005 - DATE AND TIME OF LATEST TRANSACTION
- control field: 20160428115520.0
008 - FIXED-LENGTH DATA ELEMENTS
- fixed length control field: 160428|| aca||aabn | a|a d
040 ## - CATALOGING SOURCE
- Original cataloging agency: ARRUPE
- Transcribing agency: ARRUPE
100 ## - HEADING--PERSONAL NAME
- Personal name: Descartes, René,
- Dates associated with a name: 1596-1650
- General subdivision: Knowledge
- General subdivision: Science.
670 ## - SOURCE DATA FOUND
- Source citation: Work cat.: (ARRUPE)0: Shea, William R. 11091, The magic of numbers and motion :, 1991.